logo

Bir Sreshtho Munshi Abdur Rouf Library
Jhenaidah Cadet College

Modern English structure / (Record no. 8666)

MARC details
000 -LEADER
fixed length control field 00595cam a2200229u 4500
001 - CONTROL NUMBER
JCCL Control Number 8666
003 - CONTROL NUMBER IDENTIFIER
JCCL marc code BD-JhCC
005 - DATE AND TIME OF LATEST TRANSACTION
control field 20180307091807.0
008 - FIXED-LENGTH DATA ELEMENTS--GENERAL INFORMATION
fixed length control field 840608s1962 nyu 000 0 eng
035 ## - SYSTEM CONTROL NUMBER
system control number (BD-JhCC)8666
040 ## - CATALOGING SOURCE
Original cataloging agency DLC
Transcribing agency CarP
Modifying agency DLC
041 ## - LANGUAGE CODE
Language code of Book eng
050 00 - LIBRARY OF CONGRESS CALL NUMBER
Classification number PE1111
Item number .S67825
082 ## - DEWEY DECIMAL CLASSIFICATION NUMBER
Author mark and Year STR 1962
Classification number 425
100 1# - MAIN ENTRY--PERSONAL NAME
Personal name Strang, Barbara M. H.
245 10 - TITLE STATEMENT
Title Modern English structure /
Statement of responsibility, etc Barbara M. H. Strang,
260 ## - PUBLICATION, DISTRIBUTION, ETC. (IMPRINT)
Place of publication, distribution, etc New York,
Name of publisher, distributor, etc St. Martin's Press,
Date of publication, distribution, etc 1962.
300 ## - PHYSICAL DESCRIPTION
Pagination 201 p.
Dimensions 23 cm.
650 ## - SUBJECT ADDED ENTRY--TOPICAL TERM
Topical term or geographic name as entry element English language
General subdivision Grammar
942 ## - ADDED ENTRY ELEMENTS (KOHA)
Source of classification or shelving scheme Dewey Decimal Classification
Koha item type Books
Holdings
Source of classification or shelving scheme Damaged status Not for loan Home library Current library Shelving location Date of accession Total Checkouts Full call number Barcode Date last seen Copy number Koha item type
Dewey Decimal Classification     JCC Rouf Library JCC Rouf Library General Stacks 03/01/2018   425 STR 1962 11409 03/01/2018 C - 1 Books

JCC Library | Contacts | JCC Home

Last Update on 23 September 2017
Copyright @ 2017-2020 JCC Rouf Library
Rouf Library, Jhenidah Cadet College (JCC), Bangladesh